| 000 | 02925cam a2200313 4500500 | ||
|---|---|---|---|
| 005 | 20251228080826.0 | ||
| 041 | _afre | ||
| 042 | _adc | ||
| 100 | 1 | 0 |
_aDubois-Orlandi, Valérie _eauthor |
| 245 | 0 | 0 | _aJeunes invisibles des zones rurales : quand la prévention spécialisée reste un dispositif pertinent pour « aller vers » eux |
| 260 | _c2018. | ||
| 500 | _a82 | ||
| 520 | _aActuellement, les jeunes des zones rurales sont peu pris en compte dans leurs particularités, dans leurs attentes et dans leurs besoins par les pouvoirs publics. Aucune politique n’est initiée spécifiquement pour eux. Au contraire, les politiques jeunesse sont calquées sur les besoins des jeunes des quartiers afin d’apporter des solutions à cette jeunesse qui dérange et qui fait peur. Ces politiques sont ensuite étendues aux zones rurales sans qu’elles soient adaptées aux particularités territoriales ou aux fonctionnements des jeunes résidant à la campagne. Ne se sentant pas pris en compte ni écoutés, ces derniers, peu vindicatifs et loin les uns des autres de par l’habitat dispersé, s’isolent peu à peu dans et avec leurs difficultés. L’invisibilité sociale et la non-reconnaissance génèrent alors du repli et le non-recours aux droits. Sur le terrain, la prévention spécialisée est parfois présente dans les zones les plus reculées et peut montrer une véritable capacité à aller vers ces jeunes invisibles des zones rurales. | ||
| 520 | _aToday, the specificities, wishes and needs of young people in rural areas are not much taken into account. No specific policy exists for them. Policies on young people are organised towards those from urban deprived areas in order to respond to young people who are perceived as disturbing and frightening. These policies are then extended to rural areas without being adapted to their territorial specificities or to how young people living in the country function. Not feeling that they are taken into account or having a voice, they are rarely vindictive and are a long way from each other. They isolate themselves little by little and the social invisibility generates withdrawal and non take up of rights. In the field, specialised prevention is sometimes present in the most distant zones and can have a real capacity to reach out to these young invisible people in rural areas. | ||
| 690 | _ainvisibilité sociale | ||
| 690 | _ajeunesse | ||
| 690 | _anon--reconnaissance | ||
| 690 | _anon-recours | ||
| 690 | _aprévention spécialisée | ||
| 690 | _azones rurales | ||
| 690 | _anon recognition | ||
| 690 | _anon recourse | ||
| 690 | _arural zones | ||
| 690 | _asocial invisibility | ||
| 690 | _aspecialised prevention | ||
| 690 | _ayouth | ||
| 786 | 0 | _nVie sociale | 22 | 2 | 2018-10-15 | p. 85-102 | 0042-5605 | |
| 856 | 4 | 1 | _uhttps://shs.cairn.info/revue-vie-sociale-2018-2-page-85?lang=fr&redirect-ssocas=7080 |
| 999 |
_c1598994 _d1598994 |
||